Relation modules of finite groups /
Guardado en:
| Autor Principal: | |
|---|---|
| Autor Corporativo: | |
| Formato: | Libro |
| Idioma: | English |
| Publicado: |
Providence, R.I. :
Published for the Conference Board of the Mathematical Sciences by the American Mathematical Society,
c1976.
|
| Series: | Regional conference series in mathematics ;
no. 25 |
| Materias: | |
| Etiquetas: |
Agregar Etiqueta
Sin Etiquetas, Sea el primero en etiquetar este registro!
|
| LEADER | 01023pam a2200253 a 4500 | ||
|---|---|---|---|
| 001 | MAT.inmabb005007 | ||
| 008 | 760205s1976####riu######b####100#0#eng## | ||
| 005 | 20111006105205.0 | ||
| 245 | 1 | 0 | |a Relation modules of finite groups / |c by Karl W. Gruenberg. |
| 260 | |a Providence, R.I. : |b Published for the Conference Board of the Mathematical Sciences by the American Mathematical Society, |c c1976. | ||
| 300 | |a vi, 81 p. ; |c 26 cm. | ||
| 440 | 0 | |a Regional conference series in mathematics ; |v no. 25 | |
| 500 | |a "Expository lectures from the CBMS regional conference held at the University of Wisconsin-Parkside, July 22-26, 1974." | ||
| 504 | |a Incluye referencias bibliográficas (p. 77-79). | ||
| 510 | 4 | |a MR, |c 56 #15743 | |
| 020 | |a 0821816756 | ||
| 100 | 1 | |a Gruenberg, Karl W. | |
| 710 | 2 | |a Conference Board of the Mathematical Sciences. | |
| 650 | 0 | |a Finite groups. | |
| 650 | 0 | |a Modules (Algebra) | |
| 084 | |a 20C05 |2 msc2000 | ||
| 010 | |a 76003645 | ||
| 040 | |a DLC |c DLC |d DLC | ||
| 859 | |h 20 |i G886 |p A-5349 |b BIB. MATEMATICA | ||
